书目信息 |
| 题名: |
刑法学
|
|
| 作者: | 苏惠渔 , 高铭暄 主编 | |
| 分册: | ||
| 出版信息: | 北京 北京大学出版社 1989.10 |
|
| 页数: | 768页 | |
| 开本: | 20cm | |
| 丛书名: | ||
| 单 册: | ||
| 中图分类: | D924.01 | |
| 科图分类: | 35.16 | |
| 主题词: | 刑法--法学--高等学校--教材 , 法律--中国 | |
| 电子资源: | ||
| ISBN: | 7-301-00968-2 | |
| 000 | 00733nam0 2200265 45 | |
| 001 | 0198018395 | |
| 005 | 20040425134907.9 | |
| 010 | @a7-301-00968-2@dCNY9.50 | |
| 100 | @a19980318d1989 em y0chiy0121 ea | |
| 101 | 0 | @achi |
| 102 | @aCN@b110000 | |
| 105 | @ay z 000yy | |
| 106 | @ar | |
| 200 | 10 | @a刑法学@Axing fa xue@f高铭暄主编@FGao Ming Xuan Zhu Bian |
| 210 | @a北京@c北京大学出版社@d1989.10 | |
| 215 | @a768页@d20cm | |
| 300 | @a全国高等教育自学考试教材 | |
| 606 | @a刑法@x法学@x高等学校@x教材 | |
| 606 | 0 | @a法律@x中国 |
| 690 | @aD924.01@v3 | |
| 692 | @a35.16@v2 | |
| 701 | 0 | @a苏惠渔@Asu hui yu@4主编 |
| 701 | 0 | @a高铭暄@4主编 |
| 801 | @aCN@bTSTC@c20021118 | |
| 905 | @dD924.01@e125@f1@b246672@b246674-675@f2 | |
| 刑法学/高铭暄主编.-北京:北京大学出版社,1989.10 |
| 768页;20cm |
| 全国高等教育自学考试教材 |
| ISBN 7-301-00968-2:CNY9.50 |
| ● |
| 相关链接 |
|
|
|
|
正题名:刑法学
索取号:D924.01/125
 
预约/预借
| 序号 | 登录号 | 条形码 | 馆藏地/架位号 | 状态 | 备注 |
| 1 | 0246672 | 001256562 | 第一借阅区/ [索取号:D924.01/125] | 在馆 | |
| 2 | 0246673 | 001623899 | 密集书库/ [索取号:D924.01/125] | 在馆 | |
| 3 | 0246674 | 001502564 | 密集书库/ [索取号:D924.01/125] | 在馆 | |
| 4 | 0246675 | 001256606 | 密集书库/ [索取号:D924.01/125] | 在馆 | |
| 5 | 0246677 | 001256615 | 第一样本阅览室/ [索取号:D924.01/125] | 在馆 |